Zwycięzcy Mistrzostw Świata w Piłce Nożnej - Statystyki

Ogólne statystyki
  • Ten quiz został rozwiązany 557 razy
  • Średni wynik to 7 z 8
Statystyki odpowiedzi
# Kraj % Poprawnych
5 Brazylia
97%
4 Niemcy
95%
2 Francja
94%
2 Argentyna
93%
1 Hiszpania
86%
4 Włochy
84%
2 Urugwaj
79%
1 Anglia
75%
Nie znaleziono quizów pasujących do podanych kryteriów
Rozkład punktacji
Procent ludzi z każdym wynikiem
Percentyl według liczby udzielonych odpowiedzi
Twoja historia wyników
Nie rozwiązałeś tego quizu